| 000 | 00740cam a2200229 a 4500 | ||
|---|---|---|---|
| 001 | 000006930 | ||
| 005 | 20240226135753.0 | ||
| 008 | 820406s1981 mx 000 0 spa | ||
| 020 | _z9684270806 | ||
| 035 | _a(DLC) 82139928 | ||
| 040 |
_aDO-SdBNP _cDLC _dDLC _dBNPHU |
||
| 082 |
_a923.291 _bM378R |
||
| 100 | 1 |
_aRodríguez, Carlos Rafael, _d1913-1997 _919221 |
|
| 245 | 1 | 0 |
_aJosé Martí, guía y compañero / _cCarlos Rafael Rodríguez. |
| 260 |
_aMéxico, D.F. : _bNuestro Tiempo, _c1981. |
||
| 300 |
_a118 p. ; _c19 cm. |
||
| 490 | 1 | _aPensamiento latinoamericano | |
| 600 | 1 | 0 |
_aMARTÍ, JOSÉ, _d1853-1895. _xBIOGRAFÍA _919222 |
| 830 | 0 |
_aPensamiento latinoamericano. _919223 |
|
| 910 | _aCatalogación por copia / LC | ||
| 049 | _aBNGR | ||
| 999 |
_c6714 _d6714 |
||